[Event "DVM U20w 2020"]
[Site "Willingen GER"]
[Date "2021.06.25"]
[Round "4"]
[White "Hellenbroich, Helene"]
[Black "Riegel, Arinna"]
[Result "0-1"]
[Termination "normal"]
[Board "4.3"]
[WhiteElo "1358"]
[BlackElo "1881"]
[WhiteClock "00:18:17"]
[BlackClock "00:18:58"]
[WhiteTeam "Lübecker SV von 1873"]
[BlackTeam "SK Langen"]
[PlyCount "42"]
[WhiteFideId "16270754"]
[BlackFideId "12931446"]
[EventCountry "GER"]
[EventRounds "7"]
[EventType "team-swiss"]
[EventDate "2021.06.23"]

1. e4 {[%clk 01:30:33]  [%emt 00:00:27]} 1... c5 { [%clk 01:30:37]  [%emt
00:00:23]} 2. Nc3 {[%clk 01:30:18]  [%emt 00:00:46]} 2... e6 {[%clk 01:30:45] 
[%emt 00:00:22]} 3. g3 { [%clk 01:29:59]  [%emt 00:00:49]} 3... Nc6 {[%clk
01:29:04]  [%emt 00:02:10]} 4. Bg2 {[%clk 01:29:10]  [%emt 00:01:18]} 4... a6 {
[%clk 01:25:50]  [%emt 00:03:45]} 5. d3 {[%clk 01:25:12]  [%emt 00:04:29]} 5...
Qc7 {[%clk 01:23:21]  [%emt 00:02:58]} 6. f4 {[%clk 01:23:25]  [%emt 00:02:16]}
6... Nge7 {[%clk 01:16:34]  [%emt 00:07:17]} 7. Nf3 { [%clk 01:22:26]  [%emt
00:01:30]} 7... g6 {[%clk 01:11:50]  [%emt 00:05:13]} 8. Bd2 {[%clk 01:15:33] 
[%emt 00:07:23]} 8... Bg7 { [%clk 01:11:43]  [%emt 00:00:36]} 9. O-O {[%clk
01:14:52]  [%emt 00:01:12]} 9... d6 {[%clk 01:07:52]  [%emt 00:04:21]} 10. Rc1
{ [%clk 01:07:01]  [%emt 00:08:21]} 10... Nd4 {[%clk 01:06:00]  [%emt
00:02:22]} 11. Be3 {[%clk 00:57:10]  [%emt 00:10:22]} 11... Nec6 { [%clk
01:02:53]  [%emt 00:03:37]} 12. Rb1 {[%clk 00:50:04]  [%emt 00:07:35]} 12...
Rb8 {[%clk 00:45:44]  [%emt 00:17:40]} 13. Ne2 { [%clk 00:43:41]  [%emt
00:06:53]} 13... Nxe2+ {[%clk 00:41:53]  [%emt 00:04:21] } 14. Qxe2 {[%clk
00:38:05]  [%emt 00:06:06]} 14... b6 { [%clk 00:33:43]  [%emt 00:08:40]} 15. c3
{[%clk 00:35:14]  [%emt 00:03:21]} 15... Bb7 {[%clk 00:31:05]  [%emt 00:03:07]}
16. Rbc1 { [%clk 00:31:14]  [%emt 00:04:30]} 16... O-O {[%clk 00:29:24]  [%emt
00:02:11]} 17. Rc2 {[%clk 00:28:33]  [%emt 00:03:11]} 17... Ne7 { [%clk
00:27:45]  [%emt 00:02:10]} 18. d4 {[%clk 00:22:52]  [%emt 00:06:11]} 18...
Bxe4 {[%clk 00:25:51]  [%emt 00:02:23]} 19. Rcc1 { [%clk 00:20:56]  [%emt
00:02:26]} 19... Rfd8 {[%clk 00:20:37]  [%emt 00:05:44]} 20. Ng5 {[%clk
00:18:05]  [%emt 00:03:20]} 20... Bxg2 { [%clk 00:20:32]  [%emt 00:00:36]} 21.
Qxg2 {[%clk 00:18:17]  [%emt 00:00:17]} 21... Nf5 {[%clk 00:18:58]  [%emt
00:02:05]} 0-1

[Event "DVM U20w 2020"]
[Site "Willingen GER"]
[Date "2021.06.25"]
[Round "4"]
[White "Schmidt, Merle"]
[Black "Alscher, Anouk"]
[Result "0-1"]
[Termination "normal"]
[Board "4.4"]
[WhiteElo "1199"]
[BlackElo "1100"]
[WhiteClock "00:49:03"]
[BlackClock "01:05:02"]
[WhiteTeam "SK Langen"]
[BlackTeam "Lübecker SV von 1873"]
[PlyCount "130"]
[WhiteFideId "16291999"]
[BlackFideId "16217292"]
[EventCountry "GER"]
[EventRounds "7"]
[EventType "team-swiss"]
[EventDate "2021.06.23"]

1. c4 {[%clk 01:30:55]  [%emt 00:00:05]} 1... e5 { [%clk 01:30:54]  [%emt
00:00:06]} 2. Nc3 {[%clk 01:31:15]  [%emt 00:00:11]} 2... g6 {[%clk 01:31:06] 
[%emt 00:00:17]} 3. Nf3 { [%clk 01:31:31]  [%emt 00:00:14]} 3... Bg7 {[%clk
01:31:02]  [%emt 00:00:34]} 4. g3 {[%clk 01:31:20]  [%emt 00:00:42]} 4... d6 {
[%clk 01:31:09]  [%emt 00:00:23]} 5. Bg2 {[%clk 01:31:17]  [%emt 00:00:32]}
5... Nc6 {[%clk 01:31:13]  [%emt 00:00:27]} 6. O-O { [%clk 01:30:43]  [%emt
00:01:04]} 6... Nf6 {[%clk 01:31:22]  [%emt 00:00:21]} 7. e4 {[%clk 01:29:16] 
[%emt 00:01:57]} 7... O-O { [%clk 01:30:47]  [%emt 00:01:05]} 8. d3 {[%clk
01:29:03]  [%emt 00:00:42]} 8... Bg4 {[%clk 01:29:43]  [%emt 00:01:34]} 9. Bg5
{[%clk 01:27:10]  [%emt 00:02:23] } 9... Nd4 {[%clk 01:29:01]  [%emt 00:01:12]}
10. Nd5 { [%clk 01:22:28]  [%emt 00:05:12]} 10... Nxf3+ {[%clk 01:27:25]  [%emt
00:02:07] } 11. Bxf3 {[%clk 01:22:43]  [%emt 00:00:15]} 11... Be6 { [%clk
01:24:38]  [%emt 00:03:16]} 12. Nxf6+ {[%clk 01:21:50]  [%emt 00:01:22]} 12...
Bxf6 {[%clk 01:24:58]  [%emt 00:00:11]} 13. Bh6 { [%clk 01:21:12]  [%emt
00:01:08]} 13... Re8 {[%clk 01:24:52]  [%emt 00:00:36]} 14. Bg4 {[%clk
01:18:56]  [%emt 00:02:45]} 14... Bg5 { [%clk 01:21:33]  [%emt 00:03:50]} 15.
Bxg5 {[%clk 01:14:11]  [%emt 00:05:14]} 15... Qxg5 {[%clk 01:21:48]  [%emt
00:00:16]} 16. Bxe6 { [%clk 01:14:22]  [%emt 00:00:19]} 16... Rxe6 {[%clk
01:22:01]  [%emt 00:00:17]} 17. f4 {[%clk 01:12:41]  [%emt 00:02:11]} 17...
exf4 { [%clk 01:21:58]  [%emt 00:00:34]} 18. Rxf4 {[%clk 01:13:03]  [%emt
00:00:08]} 18... Qc5+ {[%clk 01:21:45]  [%emt 00:00:42]} 19. Kg2 { [%clk
01:12:49]  [%emt 00:00:45]} 19... c6 {[%clk 01:19:48]  [%emt 00:02:27]} 20. Qf3
{[%clk 01:11:04]  [%emt 00:02:14]} 20... Rf8 { [%clk 01:19:07]  [%emt
00:01:12]} 21. Rf1 {[%clk 01:10:21]  [%emt 00:01:13]} 21... Re7 {[%clk
01:18:04]  [%emt 00:01:30]} 22. b3 { [%clk 01:08:59]  [%emt 00:01:56]} 22... a5
{[%clk 01:15:09]  [%emt 00:03:24]} 23. Rf2 {[%clk 01:07:23]  [%emt 00:02:07]}
23... b5 { [%clk 01:10:18]  [%emt 00:05:22]} 24. h4 {[%clk 01:03:04]  [%emt
00:04:48]} 24... Qh5 {[%clk 01:08:00]  [%emt 00:02:46]} 25. Qxh5 { [%clk
00:59:10]  [%emt 00:04:25]} 25... gxh5 {[%clk 01:08:15]  [%emt 00:00:15]} 26.
Rf6 {[%clk 00:57:33]  [%emt 00:02:07]} 26... Rd8 { [%clk 01:06:05]  [%emt
00:02:41]} 27. Rh6 {[%clk 00:56:07]  [%emt 00:01:56]} 27... Re5 {[%clk
01:04:48]  [%emt 00:01:45]} 28. Rff6 { [%clk 00:55:11]  [%emt 00:01:26]} 28...
d5 {[%clk 01:04:13]  [%emt 00:01:06]} 29. Rxc6 {[%clk 00:52:57]  [%emt
00:02:44]} 29... dxe4 { [%clk 01:03:48]  [%emt 00:00:55]} 30. dxe4 {[%clk
00:52:39]  [%emt 00:00:49]} 30... Rd2+ {[%clk 01:03:37]  [%emt 00:00:41]} 31.
Kf3 { [%clk 00:52:26]  [%emt 00:00:42]} 31... bxc4 {[%clk 01:03:12]  [%emt
00:00:55]} 32. bxc4 {[%clk 00:50:07]  [%emt 00:02:50]} 32... f5 { [%clk
00:59:04]  [%emt 00:04:37]} 33. Rxh5 {[%clk 00:44:57]  [%emt 00:05:40]} 33...
fxe4+ {[%clk 00:58:50]  [%emt 00:00:44]} 34. Ke3 { [%clk 00:45:04]  [%emt
00:00:22]} 34... Rd3+ {[%clk 00:58:42]  [%emt 00:00:37]} 35. Kf4 {[%clk
00:43:57]  [%emt 00:01:38]} 35... Rxh5 { [%clk 00:58:46]  [%emt 00:00:26]} 36.
Kxe4 {[%clk 00:43:43]  [%emt 00:00:44]} 36... Rxg3 {[%clk 00:58:54]  [%emt
00:00:23]} 37. a4 { [%clk 00:39:34]  [%emt 00:04:39]} 37... Rxh4+ {[%clk
00:59:02]  [%emt 00:00:22] } 38. Kd5 {[%clk 00:39:56]  [%emt 00:00:08]} 38...
Rg5+ { [%clk 00:59:21]  [%emt 00:00:11]} 39. Kd6 {[%clk 00:40:02]  [%emt
00:00:23]} 39... Rh6+ {[%clk 00:59:41]  [%emt 00:00:10]} 40. Kc7 { [%clk
00:40:18]  [%emt 00:00:15]} 40... Rxc6+ {[%clk 00:59:52]  [%emt 00:00:19] } 41.
Kxc6 {[%clk 00:40:37]  [%emt 00:00:10]} 41... h5 { [%clk 01:00:10]  [%emt
00:00:11]} 42. c5 {[%clk 00:40:47]  [%emt 00:00:21]} 42... Rxc5+ {[%clk
01:00:18]  [%emt 00:00:21]} 43. Kxc5 { [%clk 00:41:10]  [%emt 00:00:07]} 43...
h4 {[%clk 01:00:39]  [%emt 00:00:10]} 44. Kb5 {[%clk 00:41:17]  [%emt
00:00:21]} 44... h3 { [%clk 01:01:03]  [%emt 00:00:08]} 45. Kxa5 {[%clk
00:41:42]  [%emt 00:00:06]} 45... h2 {[%clk 01:01:25]  [%emt 00:00:07]} 46. Kb6
{ [%clk 00:42:08]  [%emt 00:00:05]} 46... h1=Q {[%clk 01:01:45]  [%emt
00:00:09]} 47. a5 {[%clk 00:42:32]  [%emt 00:00:05]} 47... Qa8 { [%clk
01:01:37]  [%emt 00:00:38]} 48. a6 {[%clk 00:42:54]  [%emt 00:00:09]} 48... Kf7
{[%clk 01:01:54]  [%emt 00:00:12]} 49. a7 { [%clk 00:43:06]  [%emt 00:00:19]}
49... Ke7 {[%clk 01:02:14]  [%emt 00:00:10]} 50. Ka6 {[%clk 00:43:31]  [%emt
00:00:06]} 50... Kd7 { [%clk 01:02:36]  [%emt 00:00:07]} 51. Kb6 {[%clk
00:43:54]  [%emt 00:00:07]} 51... Kc8 {[%clk 01:02:46]  [%emt 00:00:19]} 52.
Ka6 { [%clk 00:44:18]  [%emt 00:00:07]} 52... Qb7+ {[%clk 01:03:01]  [%emt
00:00:15]} 53. Ka5 {[%clk 00:44:38]  [%emt 00:00:10]} 53... Qxa7+ { [%clk
01:03:08]  [%emt 00:00:24]} 54. Kb5 {[%clk 00:45:00]  [%emt 00:00:07]} 54...
Qc7 {[%clk 01:03:25]  [%emt 00:00:12]} 55. Kb4 { [%clk 00:45:22]  [%emt
00:00:08]} 55... Qc6 {[%clk 01:03:45]  [%emt 00:00:10]} 56. Kb3 {[%clk
00:45:45]  [%emt 00:00:06]} 56... Qc5 { [%clk 01:04:07]  [%emt 00:00:08]} 57.
Kb2 {[%clk 00:46:05]  [%emt 00:00:10]} 57... Qc4 {[%clk 01:04:22]  [%emt
00:00:13]} 58. Kb1 { [%clk 00:46:25]  [%emt 00:00:11]} 58... Qe2 {[%clk
01:04:39]  [%emt 00:00:12]} 59. Kc1 {[%clk 00:46:49]  [%emt 00:00:07]} 59...
Kc7 { [%clk 01:05:02]  [%emt 00:00:06]} 60. Kb1 {[%clk 00:47:07]  [%emt
00:00:12]} 60... Qd2 {[%clk 01:05:12]  [%emt 00:00:18]} 61. Ka1 { [%clk
00:47:25]  [%emt 00:00:14]} 61... Kb6 {[%clk 01:05:29]  [%emt 00:00:12]} 62.
Kb1 {[%clk 00:47:52]  [%emt 00:00:04]} 62... Kb5 { [%clk 01:04:44]  [%emt
00:01:16]} 63. Ka1 {[%clk 00:48:15]  [%emt 00:00:05]} 63... Kb4 {[%clk
01:04:53]  [%emt 00:00:21]} 64. Kb1 { [%clk 00:48:38]  [%emt 00:00:08]} 64...
Kb3 {[%clk 01:05:16]  [%emt 00:00:07]} 65. Ka1 {[%clk 00:49:03]  [%emt
00:00:05]} 65... Qa2# { [%clk 01:05:02]  [%emt 00:00:13]} 0-1

[Event "DVM U20w 2020"]
[Site "Willingen GER"]
[Date "2021.06.25"]
[Round "4"]
[White "Wagner, Margarethe"]
[Black "Bräutigam, Katerina"]
[Result "0-1"]
[Termination "normal"]
[Board "5.1"]
[WhiteElo "1841"]
[BlackElo "1718"]
[WhiteClock "00:00:45"]
[BlackClock "00:04:05"]
[WhiteTeam "Erfurter Schachklub"]
[BlackTeam "Elmshorner SC von 1896"]
[PlyCount "110"]
[WhiteFideId "16236947"]
[BlackFideId "16242980"]
[EventCountry "GER"]
[EventRounds "7"]
[EventType "team-swiss"]
[EventDate "2021.06.23"]

1. e4 {[%clk 01:30:58] [%emt 00:00:03]} 1... c6 { [%clk 01:30:55] [%emt
00:00:04]} 2. d4 {[%clk 01:31:22] [%emt 00:00:07]} 2... d5 {[%clk 01:31:19]
[%emt 00:00:05]} 3. exd5 {[%clk 01:31:45] [%emt 00:00:07]} 3... cxd5 {[%clk
01:31:44] [%emt 00:00:06]} 4. Bd3 { [%clk 01:32:06] [%emt 00:00:08]} 4... Nc6
{[%clk 01:32:08] [%emt 00:00:07]} 5. c3 {[%clk 01:32:27] [%emt 00:00:09]} 5...
g6 {[%clk 01:32:32] [%emt 00:00:05]} 6. Qc2 {[%clk 01:30:53] [%emt 00:02:04]}
6... Nh6 { [%clk 01:31:19] [%emt 00:01:42]} 7. h3 {[%clk 01:27:56] [%emt
00:03:28]} 7... Bf5 {[%clk 01:31:05] [%emt 00:00:44]} 8. Nf3 {[%clk 01:23:41]
[%emt 00:04:46]} 8... e6 {[%clk 01:29:43] [%emt 00:01:50]} 9. Bf4 { [%clk
01:17:33] [%emt 00:06:40]} 9... Bg7 {[%clk 01:28:21] [%emt 00:01:50]} 10. Nbd2
{[%clk 01:14:10] [%emt 00:03:55]} 10... Rc8 { [%clk 01:25:42] [%emt 00:03:09]}
11. a3 {[%clk 01:07:58] [%emt 00:06:43]} 11... Bxd3 {[%clk 01:22:11] [%emt
00:04:00]} 12. Qxd3 { [%clk 01:08:19] [%emt 00:00:09]} 12... Nf5 {[%clk
01:22:23] [%emt 00:00:18]} 13. O-O {[%clk 01:05:43] [%emt 00:03:07]} 13... O-O
{ [%clk 01:22:26] [%emt 00:00:26]} 14. Rae1 {[%clk 01:04:25] [%emt 00:01:48]}
14... a6 {[%clk 01:19:31] [%emt 00:03:25]} 15. Nb3 { [%clk 01:00:01] [%emt
00:04:54]} 15... Na5 {[%clk 01:10:20] [%emt 00:09:41]} 16. Nc5 {[%clk 00:58:09]
[%emt 00:02:22]} 16... Qe7 { [%clk 01:09:16] [%emt 00:01:33]} 17. Re2 {[%clk
00:52:22] [%emt 00:06:18]} 17... Ra8 {[%clk 01:00:24] [%emt 00:09:21]} 18. Ne5
{ [%clk 00:36:57] [%emt 00:15:56]} 18... Rfd8 {[%clk 00:56:35] [%emt 00:04:16]}
19. g4 {[%clk 00:32:24] [%emt 00:05:07]} 19... Nd6 { [%clk 00:52:58] [%emt
00:04:06]} 20. Qc2 {[%clk 00:25:38] [%emt 00:07:16]} 20... Nac4 {[%clk
00:46:37] [%emt 00:06:49]} 21. Qc1 { [%clk 00:20:03] [%emt 00:06:08]} 21...
Nxe5 {[%clk 00:33:59] [%emt 00:13:07]} 22. dxe5 {[%clk 00:17:35] [%emt
00:02:57]} 22... Nc4 { [%clk 00:33:48] [%emt 00:00:41]} 23. Nb3 {[%clk
00:17:37] [%emt 00:00:29]} 23... Qc7 {[%clk 00:29:44] [%emt 00:04:33]} 24. Rfe1
{[%emt 00:05:04]} 24... b5 {[%clk 00:24:35] [%emt 00:01:16]} 25. Bg5 {[%clk
00:12:49] [%emt 00:05:06]} 25... Rdb8 {[%clk 00:19:31] [%emt 00:05:32]} 26. Bf6
{ [%clk 00:11:21] [%emt 00:01:59]} 26... a5 {[%clk 00:18:10] [%emt 00:01:50]}
27. h4 {[%clk 00:10:06] [%emt 00:01:46]} 27... b4 {[%clk 00:16:42] [%emt
00:01:56]} 28. Nd4 {[%clk 00:08:55] [%emt 00:01:43]} 28... bxa3 { [%clk
00:11:56] [%emt 00:05:15]} 29. bxa3 {[%clk 00:09:07] [%emt 00:00:17]} 29... a4
{[%clk 00:11:57] [%emt 00:00:29]} 30. h5 { [%clk 00:07:54] [%emt 00:01:45]}
30... Rb6 {[%clk 00:08:49] [%emt 00:03:36]} 31. hxg6 {[%clk 00:04:51] [%emt
00:03:34]} 31... fxg6 { [%clk 00:08:49] [%emt 00:00:30]} 32. Kg2 {[%clk
00:04:10] [%emt 00:01:12]} 32... Qc5 {[%clk 00:04:04] [%emt 00:05:13]} 33. Bxg7
{ [%clk 00:03:31] [%emt 00:01:09]} 33... Kxg7 {[%clk 00:04:27] [%emt 00:00:06]}
34. Rh1 {[%clk 00:03:55] [%emt 00:00:08]} 34... Ra7 { [%clk 00:03:30] [%emt
00:01:27]} 35. Qg5 {[%clk 00:02:05] [%emt 00:02:19]} 35... Qe7 {[%clk 00:02:29]
[%emt 00:01:31]} 36. Qh6+ { [%clk 00:01:53] [%emt 00:00:43]} 36... Kg8 {[%clk
00:02:54] [%emt 00:00:05]} 37. f4 {[%clk 00:01:33] [%emt 00:00:50]} 37... Qg7 {
[%clk 00:02:21] [%emt 00:01:04]} 38. Qh4 {[%clk 00:01:34] [%emt 00:00:29]}
38... Qe7 {[%clk 00:01:55] [%emt 00:00:55]} 39. Qh3 { [%clk 00:01:14] [%emt
00:00:51]} 39... Qg7 {[%clk 00:01:21] [%emt 00:01:04]} 40. Qh4 {[%clk 00:00:53]
[%emt 00:00:51]} 40... Rab7 { [%clk 00:00:41] [%emt 00:01:09]} 41. Kf3 {[%clk
00:24:22] [%emt 00:07:01]} 41... Qe7 {[%clk 00:25:11] [%emt 00:06:00]} 42. Qf6
{ [%clk 00:09:49] [%emt 00:15:04]} 42... Na5 {[%clk 00:17:14] [%emt 00:08:25]}
43. f5 {[%clk 00:06:37] [%emt 00:03:43]} 43... exf5 { [%clk 00:13:49] [%emt
00:03:54]} 44. Qxe7 {[%clk 00:06:30] [%emt 00:00:38]} 44... fxg4+ {[%clk
00:13:09] [%emt 00:01:09]} 45. Kxg4 { [%clk 00:06:53] [%emt 00:00:07]} 45...
Rxe7 {[%clk 00:13:31] [%emt 00:00:07]} 46. Rf1 {[%clk 00:03:08] [%emt
00:04:16]} 46... Nc6 { [%clk 00:11:09] [%emt 00:02:50]} 47. Rfe1 {[%clk
00:01:41] [%emt 00:01:57]} 47... Nxd4 {[%clk 00:05:41] [%emt 00:05:58]} 48.
cxd4 { [%clk 00:02:06] [%emt 00:00:05]} 48... Rb3 {[%clk 00:06:04] [%emt
00:00:06]} 49. e6 {[%clk 00:01:15] [%emt 00:01:22]} 49... Rd3 { [%clk 00:05:36]
[%emt 00:00:58]} 50. Kg5 {[%clk 00:00:58] [%emt 00:00:48]} 50... Kg7 {[%clk
00:05:54] [%emt 00:00:11]} 51. Rf2 { [%clk 00:00:50] [%emt 00:00:37]} 51...
Rxd4 {[%clk 00:05:54] [%emt 00:00:29]} 52. Rh2 {[%clk 00:00:38] [%emt
00:00:43]} 52... Re4 { [%clk 00:05:21] [%emt 00:01:03]} 53. Reh1 {[%clk
00:00:33] [%emt 00:00:36]} 53... h5 {[%clk 00:05:19] [%emt 00:00:32]} 54. Rh4 {
[%clk 00:00:41] [%emt 00:00:21]} 54... R7xe6 {[%clk 00:04:38] [%emt 00:01:12]}
55. Rxe4 {[%clk 00:00:45] [%emt 00:00:26]} 55... Rxe4 { [%clk 00:04:05] [%emt
00:01:03]} 0-1

[Event "DVM U20w 2020"]
[Site "Willingen GER"]
[Date "2021.06.25"]
[Round "4"]
[White "Falke, Ornella"]
[Black "Wagner, Victoria"]
[Result "1-0"]
[Termination "normal"]
[Board "5.2"]
[WhiteElo "1566"]
[BlackElo "1727"]
[WhiteClock "00:28:24"]
[BlackClock "00:01:04"]
[WhiteTeam "Elmshorner SC von 1896"]
[BlackTeam "Erfurter Schachklub"]
[PlyCount "67"]
[WhiteFideId "16207092"]
[BlackFideId "16232348"]
[EventCountry "GER"]
[EventRounds "7"]
[EventType "team-swiss"]
[EventDate "2021.06.23"]

1. e4 {[%clk 01:30:57]  [%emt 00:00:02]} 1... c5 { [%clk 01:30:51]  [%emt
00:00:09]} 2. Nf3 {[%clk 01:31:19]  [%emt 00:00:08]} 2... d6 {[%clk 01:31:11] 
[%emt 00:00:11]} 3. d4 { [%clk 01:31:41]  [%emt 00:00:07]} 3... cxd4 {[%clk
01:31:36]  [%emt 00:00:05]} 4. Nxd4 {[%clk 01:32:04]  [%emt 00:00:07]} 4... Nf6
{ [%clk 01:31:59]  [%emt 00:00:08]} 5. Nc3 {[%clk 01:32:28]  [%emt 00:00:06]}
5... a6 {[%clk 01:32:24]  [%emt 00:00:05]} 6. Bc4 { [%clk 01:32:45]  [%emt
00:00:12]} 6... e6 {[%clk 01:32:35]  [%emt 00:00:20]} 7. a4 {[%clk 01:32:51] 
[%emt 00:00:23]} 7... Be7 { [%clk 01:30:14]  [%emt 00:02:51]} 8. O-O {[%clk
01:33:02]  [%emt 00:00:19]} 8... O-O {[%clk 01:29:05]  [%emt 00:01:40]} 9. Be3
{ [%clk 01:32:27]  [%emt 00:01:04]} 9... Nxe4 {[%clk 01:20:49]  [%emt
00:08:47]} 10. Nxe4 {[%clk 01:30:22]  [%emt 00:02:35]} 10... d5 { [%clk
01:20:04]  [%emt 00:01:15]} 11. Bd3 {[%clk 01:29:33]  [%emt 00:01:18]} 11...
dxe4 {[%clk 01:19:03]  [%emt 00:01:32]} 12. Bxe4 { [%clk 01:29:52]  [%emt
00:00:10]} 12... f5 {[%clk 01:14:20]  [%emt 00:05:12]} 13. Bd3 {[%clk 01:20:44]
 [%emt 00:09:38]} 13... Qc7 { [%clk 00:58:45]  [%emt 00:16:04]} 14. f4 {[%clk
01:10:26]  [%emt 00:10:51]} 14... Bf6 {[%clk 00:53:04]  [%emt 00:06:11]} 15. c3
{ [%clk 01:04:15]  [%emt 00:06:42]} 15... Nc6 {[%clk 00:46:23]  [%emt
00:07:11]} 16. Nxc6 {[%clk 01:00:23]  [%emt 00:04:22]} 16... Qxc6 { [%clk
00:46:27]  [%emt 00:00:25]} 17. Qb3 {[%clk 00:51:41]  [%emt 00:09:12]} 17...
Kh8 {[%clk 00:43:50]  [%emt 00:03:07]} 18. Rad1 { [%clk 00:47:50]  [%emt
00:04:22]} 18... Bd7 {[%clk 00:37:04]  [%emt 00:07:15]} 19. a5 {[%clk 00:38:12]
 [%emt 00:10:08]} 19... Rac8 { [%clk 00:29:47]  [%emt 00:07:44]} 20. Be2 {[%clk
00:37:17]  [%emt 00:01:29]} 20... e5 {[%clk 00:24:36]  [%emt 00:05:41]} 21.
fxe5 { [%clk 00:35:50]  [%emt 00:01:57]} 21... Be6 {[%clk 00:23:03]  [%emt
00:02:02]} 22. Qb6 {[%clk 00:34:13]  [%emt 00:02:07]} 22... Qxb6 { [%clk
00:14:00]  [%emt 00:09:33]} 23. Bxb6 {[%clk 00:33:01]  [%emt 00:01:42]} 23...
Bxe5 {[%clk 00:14:10]  [%emt 00:00:22]} 24. Bf3 { [%clk 00:33:06]  [%emt
00:00:25]} 24... Bc4 {[%clk 00:09:12]  [%emt 00:05:28]} 25. Rfe1 {[%clk
00:32:40]  [%emt 00:00:56]} 25... Bc7 { [%clk 00:08:55]  [%emt 00:00:46]} 26.
Rd7 {[%clk 00:29:54]  [%emt 00:03:16]} 26... Bxb6+ {[%clk 00:08:08]  [%emt
00:01:19]} 27. axb6 { [%clk 00:30:10]  [%emt 00:00:13]} 27... Rfe8 {[%clk
00:05:08]  [%emt 00:03:29]} 28. Ree7 {[%clk 00:29:59]  [%emt 00:00:41]} 28...
Rxe7 { [%clk 00:03:08]  [%emt 00:02:30]} 29. Rxe7 {[%clk 00:30:24]  [%emt
00:00:05]} 29... Rd8 {[%clk 00:03:22]  [%emt 00:00:14]} 30. Rxb7 { [%clk
00:30:05]  [%emt 00:00:51]} 30... Re8 {[%clk 00:02:24]  [%emt 00:01:25]} 31.
Kf2 {[%clk 00:29:36]  [%emt 00:01:01]} 31... g5 { [%clk 00:02:23]  [%emt
00:00:32]} 32. Rc7 {[%clk 00:28:06]  [%emt 00:02:00]} 32... Bd3 {[%clk
00:01:05]  [%emt 00:01:47]} 33. b7 { [%clk 00:28:12]  [%emt 00:00:25]} 33... g4
{[%clk 00:01:04]  [%emt 00:00:31]} 34. Rc8 {[%clk 00:28:24]  [%emt 00:00:18]}
1-0